Tiszatáj diákmelléklet 1994/13
Elmentve itt :
| Dokumentumtípus: | Folyóirat |
|---|---|
| Megjelent: |
1994
|
| Sorozat: | Tiszatáj
48 No. 13 |
| Online Access: | http://tiszataj.bibl.u-szeged.hu/681 |
| LEADER | 00469nas a2200145 i 4500 | ||
|---|---|---|---|
| 001 | tisza681 | ||
| 005 | 20200415090906.0 | ||
| 008 | 160906s1994 hu o 0|| hun d | ||
| 022 | |a 0133-1167 | ||
| 040 | |a SZTE Tiszatáj Archívum |b hun | ||
| 041 | |a hun | ||
| 245 | 0 | 0 | |a Tiszatáj diákmelléklet 1994/13 |h [elektronikus dokumentum] |
| 260 | |c 1994 | ||
| 490 | 0 | |a Tiszatáj |v 48 No. 13 | |
| 856 | 4 | 0 | |u http://tiszataj.bibl.u-szeged.hu/681/1/tiszataj_diakmelleklet_1994_013.pdf |z Dokumentum-elérés |